مكتبة جامعة عجلون الوطنية

فهرس بحث المكتبة

Normal view MARC view
  • اعداد: علي، عبد المنعم السيد ، نزار سعد الدين العيسى

Entry Personal Name

Number of records used in: 1

001 - CONTROL NUMBER

  • control field: 28111

003 - CONTROL NUMBER IDENTIFIER

  • control field: JO-AjAnu

005 - DATE AND TIME OF LATEST TRANSACTION

  • control field: 20230606074751.0

008 - FIXED-LENGTH DATA ELEMENTS

  • fixed length control field: 230606|| aca||aabn | a|a d

040 ## - CATALOGING SOURCE

  • Original cataloging agency: JO-AjAnu
  • Transcribing agency: JO-AjAnu

100 ## - HEADING--PERSONAL NAME

  • Personal name: اعداد: علي، عبد المنعم السيد ، نزار سعد الدين العيسى

670 ## - SOURCE DATA FOUND

  • Source citation: Work cat.: (JO-AjAnu)14430: اعداد: علي، عبد المنعم السيد ، نزار سعد الدين العيسى, author, النقود والمصارف والاسواق المالية = Money,Banking& Financial Markets